000
00262 a2200133 4500
001
64430
040
_c
Anchieta - Pituba
240
1
0
_a
Práxis e devir
_l
por
245
1
0
_a
Práxis e devir
300
_a
97
362
0
_a
2006
650
4
_a
Educação
942
_c
BK
999
_c
64430
_d
64430